Španielsko-slovenský, slovensko-španielský vreckový slovník
Uložené v:
| Hlavný autor: | |
|---|---|
| Médium: | Kniha |
| Jazyk: | Slovak Spanish |
| Vydavateľské údaje: |
Bratislava
KNIHA-SPOLOČNÍK
1995
|
| Vydanie: | 1. vyd. |
| Predmet: | |
| Tagy: |
Žiadne tagy, Buďte prvý, kto otaguje tento záznam!
|
MARC
| LEADER | 00000nam a2200000 4500 | ||
|---|---|---|---|
| 001 | c011981 | ||
| 005 | 20221214072121.3 | ||
| 020 | |a 80-88814-02-2 | ||
| 041 | 0 | |a slo | |
| 041 | 0 | |a spa | |
| 044 | |a SK | ||
| 245 | 1 | 0 | |a Španielsko-slovenský, slovensko-španielský vreckový slovník |c Ladislav Trup |
| 250 | |a 1. vyd. | ||
| 264 | 1 | |a Bratislava |b KNIHA-SPOLOČNÍK |c 1995 | |
| 300 | |a 882 s. | ||
| 610 | 2 | 0 | |a španielčina |
| 610 | 2 | 0 | |a slovenčina |
| 610 | 2 | 0 | |a jazykoveda |
| 610 | 2 | 0 | |a terminológia |
| 100 | 1 | |a Trup, Ladislav | |